I beni temporali della chiesa

Сохранить в:
Библиографические подробности
Соавтор: Gruppo Italiano Docenti Di Diritto Canonico
Формат:
Язык:итальянский
Опубликовано: Milán Glossa 1997
Серии:Quaderno della Mendola 4
Предметы:
Метки: Добавить метку
Нет меток, Требуется 1-ая метка записи!

MARC

LEADER 00000nam a2200000 a 4500
001 UCR7276
003 CL-VaPUC
005 20250103100416.0
008 980514e19970000it 1 ita d
999 |c 383178  |d 383176 
040 |c Pontificia Universidad Católica de Valparaíso 
082 0 4 |a 262.94 GRU 1997  |2 21 
110 2 |a Gruppo Italiano Docenti Di Diritto Canonico  |9 618957 
245 1 2 |a I beni temporali della chiesa 
260 |a Milán  |b Glossa  |c 1997 
300 |a 199 páginas 
490 0 |a Quaderno della Mendola  |v 4 
518 |p Incontro di Studio,22,Trento, 3-7 julio 1995 
546 |a En Italiano 
583 |a last modification  |c 19980514 00:00:00  |k Rodrigo Vera 
650 0 7 |a BIENES ECLESCIASTICOS  |2 CL-VaPUC  |9 475701 
650 0 7 |a DERECHO CANONICO  |2 CL-VaPUC  |9 618958 
650 0 0 |a Iglesia Católica  |9 256114 
650 0 0 |a Congresos  |9 257560 
651 0 |a Italia  |9 254949 
942 |c BK  |2 ddc 
945 |a mvenant  |d 19980514 00:00:00 
952 |0 0  |1 0  |2 ddc  |4 0  |6 262_940000000000000_GRU_1997  |7 0  |8 A  |9 505223  |a BIBDER  |b BIBDER  |d 2020-01-23  |i 3425045  |o 262.94 GRU 1997  |p 3425045  |r 2023-01-25  |t 1  |w 2020-01-23  |y BK  |k DER